Estudio de Pre-Factibilidad del Hotel Cocibolca
El presente estudio demuestra la prefactibilidad de apertura del hotel Cocibolca, enfocado a un nuevo mercado como lo es el ecoturismo, los aspectos básicos que plantea el estudio son: Un estudio de mercado donde se definen los servicios que brindará, se analiza la competencia que permitirá plane...
| Main Authors: | , |
|---|---|
| Other Authors: | |
| Format: | Tesis Section = Libro |
| Language: | Undetermined Spanish |
| Published: |
Managua
UNI
1994
|
| Subjects: |
| LEADER | 01332nam a2200229Ia 4500 | ||
|---|---|---|---|
| 008 | 240830s9999 xx 000 0 und d | ||
| 040 | |a BIBLIOTECA-RUPAP Mon 658.404 C352 | ||
| 041 | |a spa | ||
| 082 | |a Mon 658.404 C352 | ||
| 100 | 1 | |a Castillo Ortiz, Oscar Darío | |
| 100 | 1 | |b Pérez Busto, Marlon de Jesús | |
| 245 | 1 | 0 | |a Estudio de Pre-Factibilidad del Hotel Cocibolca |
| 260 | |a Managua |b UNI |c 1994 | ||
| 300 | |a 155 p. :il. | ||
| 502 | |a Tesis (Ingeniero Industrial)- UNI, 1994. | ||
| 520 | 3 | |a El presente estudio demuestra la prefactibilidad de apertura del hotel Cocibolca, enfocado a un nuevo mercado como lo es el ecoturismo, los aspectos básicos que plantea el estudio son: Un estudio de mercado donde se definen los servicios que brindará, se analiza la competencia que permitirá planear y desarrollar acciones comerciales. En el estudio técnico se describe la distribución de las plantas del hotel, la inversión total de activos fijos y la producción de los servicios. Además incluye la evaluación económica financiera donde se realiza el análisis de flujo de efectivos con y sin financiamiento. | |
| 650 | 7 | |a ADMINISTRACIÓN DE PROYECTOS | |
| 650 | 7 | |b ESTUDIO DEL MERCADO (RÍO SAN JUAN) | |
| 700 | 1 | |a Tutor: |b D´melo Carvalho, Aristeu Tadeu | |
| 942 | |c BK |2 ddc | ||
| 991 | |a TESIS | ||
| 999 | |c 17330 | ||